000 00284nam a2200121Ia 4500
005 20260326235451.0
008 260326s9999||||xx |||||||||||||| ||und||
100 _aGigante, Jose
245 0 _aWood Design /
_cJose Gigante
260 _bDaab
650 _aARQUITECTURA CIVIL
942 _cBK
999 _c7759
_d7759